[Event "TUR-chT"]
[Site "Konya"]
[Date "2019.07.26"]
[Round "11.1"]
[White "Tezcan, Emre"]
[Black "Apaydin, Fethi"]
[Result "1-0"]
[WhiteElo "2082"]
[BlackElo "2310"]
[PlyCount "79"]
[EventDate "2019.07.17"]
[EventType "team-tourn"]
[EventRounds "13"]
[EventCountry "TUR"]
[SourceTitle "CBM 191 Extra"]
[Source "ChessBase"]
[SourceDate "2019.09.30"]
[SourceVersion "1"]
[SourceVersionDate "2019.09.30"]
[SourceQuality "1"]
[WhiteTeam "Ordu Buyuksehir Belediye"]
[BlackTeam "Besiktas Jimnastik"]
[WhiteTeamCountry "TUR"]
[BlackTeamCountry "TUR"]

1. d4 Nf6 2. c4 g6 3. Nc3 Bg7 4. e4 d6 5. f3 0-0 6. Be3 c6 7. Qd2 e5 8. Nge2 Nbd7 9. d5 cxd5 10. cxd5 a6 11. g4 b5 12. Ng3 Nb6 13. h4 Re8 14. h5 Nfd7 15. hxg6 fxg6 16. Qh2 Nf8 17. Rc1 Bd7 18. Qf2 Rb8 19. b3 Na8 20. Bd3 Rb7 21. 0-0 Bf6 22. Qd2 Re7 23. g5 Bg7 24. Kg2 Rf7 25. Nd1 Be8 26. Nf2 Nd7 27. Rc2 Nb8 28. Rfc1 Bd7 29. Be2 Bf8 30. Nd3 a5 31. Nf1 Be7 32. Nh2 Kg7 33. Nf2 Rf4 34. Bxf4 exf4 35. Qd4+ Kf7 36. Nhg4 Bxg5 37. e5 dxe5 38. Nxe5+ Kg8 39. Nxd7 Qxd7 40. Rc8+ 1-0

[Event "TUR-chT 1st League"]
[Site "Konya"]
[Date "2018.07.17"]
[Round "3.2"]
[White "Kaplan, Bahadir"]
[Black "Tezcan, Emre"]
[Result "1-0"]
[WhiteElo "1950"]
[BlackElo "2108"]
[PlyCount "105"]
[EventDate "2018.07.16"]
[EventType "team-swiss"]
[EventRounds "9"]
[EventCountry "TUR"]
[SourceTitle "EXT 2019"]
[Source "ChessBase"]
[SourceDate "2018.10.10"]
[SourceVersion "1"]
[SourceVersionDate "2018.10.10"]
[SourceQuality "1"]
[WhiteTeam "Bulancak Ihsaniye Genclik"]
[BlackTeam "Ordu Buyuksehir Belediye"]
[WhiteTeamCountry "TUR"]
[BlackTeamCountry "TUR"]

1. d4 Nf6 2. c4 e6 3. Nf3 d5 4. Nc3 Be7 5. cxd5 exd5 6. Bg5 c6 7. Qc2 Na6 8. a3 g6 9. e3 Bf5 10. Bd3 Bxd3 11. Qxd3 Nc7 12. 0-0 Ne6 13. Bh4 Ng7 14. b4 Nf5 15. Bxf6 Bxf6 16. b5 0-0 17. bxc6 bxc6 18. Na4 Nd6 19. Rfc1 Nc4 20. Nd2 Nxd2 21. Qxd2 Rc8 22. Rc2 Be7 23. Nc5 Bxc5 24. Rxc5 Qd6 25. Rac1 Rc7 26. g3 Rb8 27. Qc3 Rbc8 28. a4 h5 29. h4 Kg7 30. Kg2 f6 31. a5 Qe6 32. Qd3 Kh6 33. Qd2 g5 34. hxg5+ fxg5 35. Qc2 g4 36. e4 Qxe4+ 37. Qxe4 dxe4 38. d5 Rg7 39. Rxc6+ Rxc6 40. dxc6 Rc7 41. Kf1 Kg6 42. Ke2 Kf6 43. Ke3 Ke5 44. Rc5+ Kd6 45. Rxh5 Kxc6 46. Kxe4 Rg7 47. Kf4 Kb7 48. Rg5 Rf7+ 49. Kxg4 Rxf2 50. Rf5 Rb2 51. Kh5 Ka6 52. g4 Rb8 53. Kh6 1-0

[Event "TUR-chT 1st League"]
[Site "Konya"]
[Date "2017.07.19"]
[Round "4.9"]
[White "Tezcan, Emre"]
[Black "Demir, Mustafa"]
[Result "1-0"]
[WhiteElo "2107"]
[BlackElo "1816"]
[PlyCount "106"]
[EventDate "2017.07.17"]
[EventType "team-swiss"]
[EventRounds "9"]
[EventCountry "TUR"]
[SourceTitle "CBM 179 Extra"]
[Source "ChessBase"]
[SourceDate "2017.08.23"]
[SourceVersion "1"]
[SourceVersionDate "2017.08.23"]
[SourceQuality "1"]
[WhiteTeam "Ordu Buyuksehir Belediye"]
[BlackTeam "Antalya Olbia"]
[WhiteTeamCountry "TUR"]
[BlackTeamCountry "TUR"]

1. d4 d5 2. c4 c6 3. Nc3 Nf6 4. Nf3 dxc4 5. a4 Bf5 6. e3 e6 7. Bxc4 Bb4 8. 0-0 0-0 9. Qe2 Ne4 10. Nxe4 Bxe4 11. Ne5 Nd7 12. Nd3 Bd6 13. Rd1 Bd5 14. Bxd5 exd5 15. b4 Qh4 16. g3 Qh3 17. b5 cxb5 18. axb5 Nf6 19. Ba3 Rfd8 20. Nc5 Rab8 21. f3 h5 22. Nd3 Qd7 23. Bxd6 Qxd6 24. Nc5 b6 25. Nd3 Rb7 26. Ne5 Rc8 27. Nc6 h4 28. g4 Qd7 29. Qc2 Re8 30. Ra3 h3 31. Qf5 Qd6 32. Rda1 g6 33. Qg5 Kg7 34. Qh4 Rh8 35. Qf2 Qd7 36. Rxa7 Rxa7 37. Rxa7 Qe6 38. Ne5 Rc8 39. Qd2 Qe8 40. Rxf7+ Qxf7 41. Nxf7 Kxf7 42. Qa2 Ke6 43. e4 Rc4 44. Qa6 Nd7 45. exd5+ Kxd5 46. Qb7+ Kd6 47. Qe4 Kc7 48. Kf2 g5 49. Kg3 Kd8 50. Kxh3 Rb4 51. Qh7 Z0 52. Qc2 Ke7 53. Qf5 Nf6 1-0

[Event "TUR-chT 1st League"]
[Site "Konya"]
[Date "2017.07.17"]
[Round "1.3"]
[White "Zeydan, Salih"]
[Black "Tezcan, Emre"]
[Result "1-0"]
[WhiteElo "2001"]
[BlackElo "2107"]
[PlyCount "101"]
[EventDate "2017.07.17"]
[EventType "team-swiss"]
[EventRounds "9"]
[EventCountry "TUR"]
[SourceTitle "CBM 179 Extra"]
[Source "ChessBase"]
[SourceDate "2017.08.23"]
[SourceVersion "1"]
[SourceVersionDate "2017.08.23"]
[SourceQuality "1"]
[WhiteTeam "Istanbul Darussafaka"]
[BlackTeam "Ordu Buyuksehir Belediye"]
[WhiteTeamCountry "TUR"]
[BlackTeamCountry "TUR"]

1. e4 c6 2. d4 d5 3. Nd2 dxe4 4. Nxe4 Bf5 5. Ng3 Bg6 6. h4 h6 7. Nh3 e6 8. Nf4 Bh7 9. Bc4 Nf6 10. Qe2 Bd6 11. Nfh5 0-0 12. Be3 b5 13. Nxf6+ Qxf6 14. Nh5 Qe7 15. Bd3 Bxd3 16. Qxd3 Nd7 17. 0-0-0 Nf6 18. Nxf6+ Qxf6 19. g4 Qf3 20. Qd2 f5 21. gxf5 exf5 22. Qc3 f4 23. Bd2 Qxc3 24. Bxc3 Rae8 25. Rde1 Kf7 26. Kd1 b4 27. Bd2 g6 28. f3 Kf6 29. Rxe8 Rxe8 30. Re1 Rxe1+ 31. Bxe1 Ke6 32. Ke2 Kf5 33. c4 a5 34. b3 Be7 35. Bf2 Bf6 36. Kd3 Be7 37. Be1 g5 38. hxg5 hxg5 39. Bf2 Bd6 40. c5 Bc7 41. Kc4 g4 42. fxg4+ Kxg4 43. d5 Kf3 44. Bh4 cxd5+ 45. Kxd5 Ke2 46. Kc6 Be5 47. Kb7 f3 48. c6 Kd3 49. c7 Bxc7 50. Kxc7 Kc3 51. Kb6 1-0

[Event "Kemer Turkey Cup"]
[Site "Kemer"]
[Date "2014.02.07"]
[Round "8"]
[White "Demir, Baran"]
[Black "Tezcan, Emre"]
[Result "0-1"]
[WhiteElo "1745"]
[BlackElo "2059"]
[PlyCount "98"]
[EventDate "2014.02.01"]
[EventType "swiss"]
[EventRounds "9"]
[EventCountry "TUR"]
[SourceTitle "CBM 158 Extra"]
[Source "ChessBase"]
[SourceDate "2014.02.28"]
[SourceVersion "1"]
[SourceVersionDate "2014.02.28"]
[SourceQuality "1"]

1. Nf3 Nf6 2. g3 g6 3. Bg2 Bg7 4. d4 0-0 5. 0-0 d6 6. c4 Nc6 7. Nc3 a6 8. d5 Na5 9. Nd2 c5 10. Rb1 Bd7 11. b3 b5 12. Bb2 bxc4 13. bxc4 Rb8 14. Ba1 Rxb1 15. Qxb1 Bh6 16. e3 Bf5 17. Nce4 Nxe4 18. Bxe4 Bg4 19. Qd3 Bg7 20. Bxg7 Kxg7 21. f4 Bd7 22. f5 Qc7 23. fxg6 hxg6 24. Bg2 f6 25. Qc3 Bf5 26. Be4 Bxe4 27. Nxe4 Nb7 28. Rb1 Nd8 29. Qa3 Qc8 30. Qd3 Nf7 31. Nd2 Ne5 32. Qe4 Rh8 33. Nf3 Qh3 34. Rb2 f5 35. Qf4 Nxf3+ 36. Qxf3 Rh4 37. Qe2 Re4 38. Rb7 Kf7 39. Rb3 Qh8 40. Kg2 Qa1 41. Rb2 Qc1 42. Rd2 Rxc4 43. h4 Kg7 44. h5 gxh5 45. a4 Rxa4 46. Rc2 Qb1 47. Qd3 Ra1 48. Qc3+ Kg6 49. Kf3 Qh1+ 0-1

[Event "Kemer Turkey Cup"]
[Site "Kemer"]
[Date "2014.02.05"]
[Round "6"]
[White "Patel, Yesim"]
[Black "Tezcan, Emre"]
[Result "0-1"]
[WhiteElo "1878"]
[BlackElo "2059"]
[PlyCount "98"]
[EventDate "2014.02.01"]
[EventType "swiss"]
[EventRounds "9"]
[EventCountry "TUR"]
[SourceTitle "CBM 158 Extra"]
[Source "ChessBase"]
[SourceDate "2014.02.28"]
[SourceVersion "1"]
[SourceVersionDate "2014.02.28"]
[SourceQuality "1"]

1. e4 c5 2. Nf3 d6 3. d4 cxd4 4. Qxd4 Nc6 5. Bb5 Bd7 6. Bxc6 Bxc6 7. Nc3 Nf6 8. Bg5 e6 9. 0-0-0 Be7 10. Rhe1 0-0 11. Qd2 h6 12. Bf4 e5 13. Bg3 Rc8 14. Qd3 Qa5 15. Bh4 b5 16. Bxf6 Bxf6 17. Kb1 b4 18. Nd5 Bxd5 19. Qxd5 Rc5 20. Qb3 Rfc8 21. Re2 Be7 22. Ne1 Qb5 23. Red2 a5 24. Rd5 Qe2 25. f3 Rxd5 26. Qxd5 Bg5 27. Qd3 Qf2 28. Qa6 Rf8 29. Qd3 Rd8 30. Qd5 Qe2 31. Qd3 Qf2 32. Qd5 a4 33. Nd3 Qxg2 34. Nxb4 Qxh2 35. Nc6 Rc8 36. a3 Qe2 37. Rd3 h5 38. Rc3 Re8 39. Qxd6 h4 40. Qd7 Re6 41. Qc8+ Kh7 42. f4 exf4 43. Ka2 Qxe4 44. Nb4 f3 45. Nd3 Qd5+ 46. b3 axb3+ 47. Rxb3 Rc6 48. Qh3 Rxc2+ 49. Nb2 Bf6 0-1

[Event "Kemer Turkey Cup"]
[Site "Kemer"]
[Date "2014.02.02"]
[Round "2"]
[White "Akin, Onur"]
[Black "Tezcan, Emre"]
[Result "0-1"]
[WhiteElo "1782"]
[BlackElo "2059"]
[PlyCount "48"]
[EventDate "2014.02.01"]
[EventType "swiss"]
[EventRounds "9"]
[EventCountry "TUR"]
[SourceTitle "CBM 158 Extra"]
[Source "ChessBase"]
[SourceDate "2014.02.28"]
[SourceVersion "1"]
[SourceVersionDate "2014.02.28"]
[SourceQuality "1"]

1. d4 Nf6 2. Nf3 g6 3. Bf4 Bg7 4. e3 d6 5. h3 0-0 6. c3 Nbd7 7. Be2 c5 8. 0-0 b6 9. Nbd2 Bb7 10. Ne1 e5 11. Bh2 Qe7 12. Bf3 e4 13. Be2 d5 14. a4 Ne8 15. a5 Nd6 16. b4 c4 17. Qa4 b5 18. Bxd6 Qxd6 19. Qd1 Bh6 20. f3 Bxe3+ 21. Kh1 Qg3 22. Nc2 Bf4 23. Kg1 Qh2+ 24. Kf2 e3+ 0-1

[Event "NATO-ch 20th"]
[Site "Hammelburg"]
[Date "2009.06.18"]
[Round "6"]
[White "Tezcan, Emre"]
[Black "Kocur, Marc"]
[Result "1-0"]
[WhiteElo "2039"]
[BlackElo "1919"]
[PlyCount "55"]
[EventDate "2009.06.15"]
[EventType "swiss"]
[EventRounds "7"]
[EventCountry "GER"]
[SourceTitle "CBM 130 Extra"]
[Source "ChessBase"]
[SourceDate "2009.07.02"]
[SourceVersion "2"]
[SourceVersionDate "2009.07.15"]
[SourceQuality "1"]

1. e4 d6 2. d4 Nf6 3. Nc3 Nbd7 4. Nf3 e5 5. Be2 Be7 6. 0-0 c6 7. h3 h6 8. Be3 Qc7 9. a4 Nf8 10. Nd2 g5 11. Nc4 Ng6 12. Qd2 Be6 13. d5 Nxe4 14. Nxe4 cxd5 15. Ncxd6+ Bxd6 16. Nf6+ Kf8 17. Nxd5 Bxd5 18. Qxd5 Nf4 19. Bxf4 gxf4 20. Rfd1 Bc5 21. Bc4 Kg7 22. Bd3 Rad8 23. Qe4 Rd4 24. Qf5 Qd6 25. Re1 Re8 26. Qh7+ Kf8 27. Qh8+ Ke7 28. Rxe5+ 1-0